Animal names that have 3 letters - Statistics

General Stats
  • This quiz has been taken 395 times
  • The average score is 9 of 15
Answer Stats
Hint Answer % Correct
MAMMAL CAT
94%
MAMMAL DOG
93%
INSECT ANT
73%
MAMMAL COW
71%
MAMMAL PIG
71%
INSECT BEE
67%
MAMMAL RAT
65%
INSECT FLY
64%
MAMMAL BAT
60%
BIRD OWL
49%
BIRD EMU
45%
FISH EEL
44%
MAMMAL FOX
39%
MAMMAL APE
26%
MAMMAL DOE
21%
No matching quizzes found
Score Distribution
Percent of People with Each Score
Percentile by Number Answered
Your Score History
You have not taken this quiz